[Event "7th Southwest Class Ch."]
[Site "Dallas"]
[Date "2016.02.13"]
[Round "4.18"]
[White "Prilleltensky, Matan"]
[Black "Githoro, Mbugua"]
[Result "1-0"]
[WhiteElo "2232"]
[BlackElo "2042"]
[PlyCount "55"]
[EventDate "2016.02.??"]
[EventType "swiss"]
[EventRounds "9"]
[EventCountry "USA"]

1. d4 e6 2. c4 f5 3. Nc3 Nf6 4. e3 Bb4 5. Bd3 Bxc3+ 6. bxc3 b6 7. Ne2 O-O 8.
O-O d6 9. f3 Nc6 10. Ng3 Qe8 11. e4 fxe4 12. fxe4 e5 13. c5 exd4 14. cxd6 dxc3
15. dxc7 Qe5 16. Bc4+ Kh8 17. Ba3 Bg4 18. Qd6 Qxd6 19. Bxd6 Rfe8 20. Bf7 Rxe4
21. Rxf6 Rd4 22. Rf4 Rxd6 23. Rxg4 Ne5 24. Rf4 c2 25. Bh5 Nd3 26. Rc4 Nc5 27.
Rxc2 Rc8 28. Nf5 1-0

[Event "7th Southwest Class Ch."]
[Site "Dallas"]
[Date "2016.02.13"]
[Round "4.19"]
[White "Yanayt, Eugene"]
[Black "Brooks, Curtis"]
[Result "1-0"]
[WhiteElo "2190"]
[BlackElo "2022"]
[PlyCount "45"]
[EventDate "2016.02.??"]
[EventType "swiss"]
[EventRounds "9"]
[EventCountry "USA"]

1. d4 Nf6 2. c4 e6 3. g3 d5 4. Nf3 c6 5. Bg2 Nbd7 6. O-O Bd6 7. Qc2 O-O 8. Nbd2
Re8 9. Rd1 Qc7 10. e4 dxe4 11. Nxe4 Nxe4 12. Qxe4 Nf6 13. Qc2 c5 14. dxc5 Bxc5
15. Bf4 e5 16. Nxe5 Rxe5 17. Bxe5 Qxe5 18. Rd8+ Bf8 19. Qd2 Rb8 20. Qb4 Nd7 21.
Re1 Qg5 22. Ree8 Qc1+ 23. Bf1 1-0

[Event "7th Southwest Class Ch."]
[Site "Dallas"]
[Date "2016.02.13"]
[Round "4.20"]
[White "Kelly, Joey"]
[Black "Eckert, Doug"]
[Result "1/2-1/2"]
[WhiteElo "2016"]
[BlackElo "2190"]
[PlyCount "52"]
[EventDate "2016.02.??"]
[EventType "swiss"]
[EventRounds "9"]
[EventCountry "USA"]

1. d4 Nf6 2. c4 e6 3. Nf3 d5 4. Nc3 Bb4 5. Bg5 h6 6. Bh4 dxc4 7. e3 b5 8. a4 c6
9. Be2 Bb7 10. O-O a6 11. Qc2 Nbd7 12. Rab1 Be7 13. Rbd1 O-O 14. e4 Rc8 15.
Rfe1 b4 16. Nb1 b3 17. Qxc4 Nxe4 18. Bxe7 Qxe7 19. Qxb3 Ndf6 20. Bc4 c5 21.
Nbd2 Nxd2 22. Rxd2 Rb8 23. Qd3 Bxf3 24. Qxf3 cxd4 25. b3 Qc5 26. Qf4 Rfd8
1/2-1/2

[Event "7th Southwest Class Ch."]
[Site "Dallas"]
[Date "2016.02.13"]
[Round "4.22"]
[White "Xie, Tianming"]
[Black "De Jesus, Jeffery"]
[Result "1/2-1/2"]
[WhiteElo "1988"]
[BlackElo "2169"]
[PlyCount "48"]
[EventDate "2016.02.??"]
[EventType "swiss"]
[EventRounds "9"]
[EventCountry "USA"]

1. Nf3 Nf6 2. c4 c6 3. g3 d5 4. Bg2 Bg4 5. O-O Nbd7 6. cxd5 cxd5 7. Nc3 e6 8.
h3 Bh5 9. d3 Be7 10. Bf4 O-O 11. Rc1 a6 12. e4 d4 13. Ne2 Bxf3 14. Bxf3 e5 15.
Bd2 Qb6 16. b4 Rfc8 17. Qb3 h5 18. Rc4 Qd8 19. Rfc1 Nb6 20. R4c2 h4 21. gxh4
Qd7 22. Kh2 g6 23. Rxc8+ Rxc8 24. Rg1 Kg7 1/2-1/2

[Event "7th Southwest Class Ch."]
[Site "Dallas"]
[Date "2016.02.13"]
[Round "4.23"]
[White "Song, Terry"]
[Black "Brown, Michael"]
[Result "1-0"]
[WhiteElo "2200"]
[BlackElo "2424"]
[PlyCount "81"]
[EventDate "2016.02.??"]
[EventType "swiss"]
[EventRounds "9"]
[EventCountry "USA"]

1. e4 e5 2. Nf3 Nc6 3. Bc4 Bc5 4. c3 Nf6 5. d3 d6 6. Bb3 a6 7. h3 h6 8. Nbd2
O-O 9. Nf1 d5 10. Qe2 Be6 11. Ng3 Re8 12. O-O Qd7 13. Kh2 dxe4 14. dxe4 Bxb3
15. axb3 a5 16. Nh4 Qe6 17. Qf3 Nd7 18. Nhf5 Bf8 19. Ne3 Nc5 20. Nd5 Rac8 21.
Be3 Nxb3 22. Rad1 Nb8 23. Nf5 Kh7 24. g4 c6 25. Nb6 Rcd8 26. g5 Rxd1 27. Rxd1
g6 28. Nxh6 Bxh6 29. gxh6 f6 30. h4 Rg8 31. Nc4 f5 32. exf5 Qxc4 33. Bg5 Nc5
34. Rd6 Nbd7 35. fxg6+ Rxg6 36. Qf5 Qg8 37. h5 Nf8 38. hxg6+ Nxg6 39. Rd7+ Nxd7
40. Qxd7+ Ne7 41. Qxe7+ 1-0

[Event "7th Southwest Class Ch."]
[Site "Dallas"]
[Date "2016.02.13"]
[Round "4.25"]
[White "Wang, Justin"]
[Black "Haskin, Zachary"]
[Result "1-0"]
[WhiteElo "2138"]
[BlackElo "2004"]
[PlyCount "85"]
[EventDate "2016.02.??"]
[EventType "swiss"]
[EventRounds "9"]
[EventCountry "USA"]

1. e4 e6 2. d4 d5 3. Nd2 Nf6 4. e5 Nfd7 5. f4 c5 6. Ngf3 Nc6 7. Nb3 cxd4 8.
Nbxd4 Qb6 9. c3 Nxd4 10. Nxd4 Bc5 11. a4 Bxd4 12. cxd4 Qb4+ 13. Qd2 Qxd2+ 14.
Bxd2 Nb8 15. Bd3 Nc6 16. Bc3 f6 17. Ke2 O-O 18. Rhf1 fxe5 19. fxe5 Bd7 20.
Rxf8+ Rxf8 21. b4 Ne7 22. b5 Rc8 23. Kd2 Be8 24. a5 Bg6 25. Be2 Kf7 26. Ra2 Ke8
27. Bb4 Kd7 28. Bc5 Ra8 29. Ra3 Be4 30. Rc3 Ng6 31. g3 Nh8 32. b6 a6 33. Bd1
Nf7 34. Ba4+ Kd8 35. Bd6 Nxd6 36. exd6 Rc8 37. Rc7 Rxc7 38. bxc7+ Kc8 39. Kc3
Bf5 40. Kb4 e5 41. dxe5 d4 42. Bb3 d3 43. Kc3 1-0

[Event "7th Southwest Class Ch."]
[Site "Dallas"]
[Date "2016.02.13"]
[Round "4.26"]
[White "Yu, Jennifer"]
[Black "Webster, Brad"]
[Result "1-0"]
[WhiteElo "2102"]
[BlackElo "1792"]
[PlyCount "79"]
[EventDate "2016.02.??"]
[EventType "swiss"]
[EventRounds "9"]
[EventCountry "USA"]

1. c4 d6 2. Nc3 e5 3. g3 f5 4. Bg2 Nf6 5. e3 c6 6. Nge2 Be7 7. O-O O-O 8. d4
Nbd7 9. e4 fxe4 10. Nxe4 Nxe4 11. Bxe4 Nf6 12. Bg2 Qe8 13. f4 Qh5 14. Nc3 Bg4
15. Qd3 exd4 16. Qxd4 Rfe8 17. Be3 Bd8 18. Bf2 Bc7 19. Rae1 Be2 20. Nxe2 Rxe2
21. Rxe2 Qxe2 22. Qc3 Ng4 23. Bf3 Qe6 24. Re1 Qg6 25. Bxg4 Qxg4 26. Re7 Bb6 27.
h3 Bxf2+ 28. Kxf2 Qg6 29. g4 Qh6 30. Kg3 Rf8 31. Qe3 Qf6 32. Rxb7 d5 33. cxd5
cxd5 34. g5 Qd6 35. Qd4 Rf7 36. Rxf7 Kxf7 37. Qxa7+ Kg6 38. Qd4 h6 39. h4 hxg5
40. hxg5 1-0

[Event "7th Southwest Class Ch."]
[Site "Dallas"]
[Date "2016.02.13"]
[Round "4.27"]
[White "Polavaram, Rithik Sai"]
[Black "Green, Austen J"]
[Result "0-1"]
[WhiteElo "1826"]
[BlackElo "2054"]
[PlyCount "122"]
[EventDate "2016.02.??"]
[EventType "swiss"]
[EventRounds "9"]
[EventCountry "USA"]

1. d4 f5 2. c4 Nf6 3. Nc3 d6 4. Nf3 g6 5. g3 Bg7 6. Bg2 O-O 7. O-O Qe8 8. Re1
Qf7 9. Qd3 h6 10. b3 Nc6 11. Bb2 e5 12. dxe5 dxe5 13. e4 Rd8 14. Qe2 Nd4 15.
Nxd4 exd4 16. Nd5 Nxe4 17. Bxe4 fxe4 18. Qxe4 c6 19. Ne7+ Kh7 20. Rad1 Bh3 21.
Rd3 Rf8 22. Re2 Rae8 23. g4 Bxg4 24. Qxg4 Rxe7 25. Bxd4 Rd8 26. Red2 Red7 27.
Qe4 Qf5 28. Qh4 g5 29. Qg3 Bxd4 30. Rf3 Qb1+ 31. Kg2 Qe4 32. h3 Rf7 33. Re2
Qxf3+ 34. Qxf3 Rxf3 35. Re7+ Kg6 36. Kxf3 Rf8+ 37. Ke4 Bxf2 38. Rxb7 Rf7 39.
Rb8 Bb6 40. Re8 Bc5 41. Re6+ Rf6 42. Re5 Bd6 43. Ra5 Bb8 44. b4 h5 45. Ra3 Rf4+
46. Ke3 Rxc4 47. Ra6 Kf5 48. Ra5+ Kf6 49. Ra6 Ke7 50. a3 Rh4 51. Rxc6 Rxh3+ 52.
Kf2 Rxa3 53. Rh6 h4 54. Rh5 Bf4 55. b5 Kf6 56. b6 axb6 57. Kg2 Rg3+ 58. Kh1 b5
59. Kh2 b4 60. Kh1 b3 61. Kh2 b2 0-1

[Event "7th Southwest Class Ch."]
[Site "Dallas"]
[Date "2016.02.13"]
[Round "4.28"]
[White "Feinstein, Michael"]
[Black "Dejmek, Mark"]
[Result "1-0"]
[WhiteElo "2163"]
[BlackElo "1978"]
[PlyCount "107"]
[EventDate "2016.02.??"]
[EventType "swiss"]
[EventRounds "9"]
[EventCountry "USA"]

1. d4 Nf6 2. Bg5 c5 3. d5 Ne4 4. Bf4 Qb6 5. Nd2 Qxb2 6. Nxe4 Qb4+ 7. c3 Qxe4 8.
e3 g5 9. Bg3 Bg7 10. Rc1 Bf6 11. Nf3 Qg6 12. Bd3 Qg7 13. O-O O-O 14. Nd2 d6 15.
Ne4 Nd7 16. f4 g4 17. c4 Bb2 18. Rb1 Nf6 19. Nf2 Nh5 20. Qc2 Nxg3 21. hxg3 Bf6
22. Ne4 h5 23. Kf2 Qh6 24. Rh1 Bg7 25. Rh2 Bf5 26. Rbh1 Bxe4 27. Bxe4 Rfb8 28.
Rxh5 Qf6 29. Rg5 Kf8 30. Rh7 Bh8 31. Rf5 Qb2 32. Rfxf7+ Kg8 33. Qxb2 Bxb2 34.
Bf5 Rf8 35. Be6 Rxf7 36. Rxf7 b5 37. Rxe7+ Kf8 38. Rb7 b4 39. Bd7 a5 40. Ba4
Rd8 41. Ra7 Bc3 42. Ke2 Kg8 43. Kd3 Be1 44. Bd1 Rb8 45. Bxg4 b3 46. axb3 Rxb3+
47. Ke2 Bxg3 48. Be6+ Kf8 49. Rxa5 Rb4 50. Ra8+ Ke7 51. Rg8 Bh2 52. Rg7+ Kf8
53. Rh7 Bg3 54. Rh1 1-0

[Event "7th Southwest Class Ch."]
[Site "Dallas"]
[Date "2016.02.13"]
[Round "4.29"]
[White "Simms, Gary"]
[Black "Guo, Authur"]
[Result "0-1"]
[WhiteElo "2058"]
[BlackElo "2010"]
[PlyCount "72"]
[EventDate "2016.02.??"]
[EventType "swiss"]
[EventRounds "9"]
[EventCountry "USA"]

1. e4 c5 2. a3 g6 3. b4 Bg7 4. Nc3 d6 5. g3 Nc6 6. b5 Nd4 7. Bg2 Nf6 8. Rb1 h5
9. h4 Bg4 10. f3 Be6 11. Nge2 Nxe2 12. Nxe2 O-O 13. O-O Qc7 14. Bb2 Qd7 15. Re1
Bh3 16. Bh1 e5 17. Kh2 Be6 18. d3 Nh7 19. Rg1 Qe7 20. Bc1 f5 21. Qe1 Kh8 22.
Be3 Rf7 23. Qd2 f4 24. Bf2 fxg3+ 25. Bxg3 Bf6 26. Qe1 g5 27. Bf2 Bd7 28. Ng3
gxh4 29. Nxh5 Bg5 30. f4 Bxf4+ 31. Nxf4 Rxf4 32. Be3 Qe6 33. Bg2 Rf3 34. Rh1
Rg8 35. Qxh4 Rxe3 36. Kg1 Qg6 0-1

[Event "7th Southwest Class Ch."]
[Site "Dallas"]
[Date "2016.02.13"]
[Round "5.1"]
[White "Xiong, Jeffery"]
[Black "Holt, Conrad"]
[Result "1-0"]
[WhiteElo "2588"]
[BlackElo "2542"]
[PlyCount "53"]
[EventDate "2016.02.??"]
[EventType "swiss"]
[EventRounds "9"]
[EventCountry "USA"]

1. d4 d5 2. Bf4 Nf6 3. e3 c5 4. dxc5 e6 5. b4 a5 6. c3 Nc6 7. Bb5 Be7 8. Nf3
O-O 9. Bxc6 bxc6 10. Nd4 Qd7 11. O-O Ba6 12. Re1 Qb7 13. Nd2 Rfc8 14. a3 h6 15.
Qc2 axb4 16. cxb4 Nh5 17. Be5 Qd7 18. a4 f6 19. Bd6 Bxd6 20. cxd6 f5 21. N2b3
Qxd6 22. Nc5 e5 23. Nxf5 Qf8 24. Nd7 Qxb4 25. Reb1 Qg4 26. Ne7+ Kh8 27. Nxe5
1-0

[Event "7th Southwest Class Ch."]
[Site "Dallas"]
[Date "2016.02.13"]
[Round "5.2"]
[White "Aponte Ynojosa, Felix J"]
[Black "Stukopin, Andrey"]
[Result "0-1"]
[WhiteElo "2582"]
[BlackElo "2409"]
[PlyCount "49"]
[EventDate "2016.02.??"]
[EventType "swiss"]
[EventRounds "9"]
[EventCountry "USA"]

1. c4 c6 2. e4 d5 3. cxd5 cxd5 4. exd5 Nf6 5. Bb5+ Nbd7 6. Nc3 a6 7. Bxd7+ Qxd7
8. Qb3 Qg4 9. Kf1 e5 10. Nf3 Bd6 11. d4 exd4 12. h3 Qf5 13. Qa4+ b5 14. Qxd4
O-O 15. Bg5 b4 16. Bxf6 bxc3 17. Bxg7 cxb2 18. Qxb2 Qd3+ 19. Kg1 Rb8 20. Bxf8
Rxb2 21. Bxd6 Qxd5 22. Bg3 Rxa2 23. Rc1 Be6 24. Kh2 Ra3 25. Rhe1 {[%emt 0:00:
39] Black won on move} 0-1

[Event "7th Southwest Class Ch."]
[Site "Dallas"]
[Date "2016.02.15"]
[Round "5.3"]
[White "Liang, Awonder"]
[Black "Macieja, Bartlomiej"]
[Result "1/2-1/2"]
[WhiteElo "2379"]
[BlackElo "2559"]
[PlyCount "82"]
[EventDate "2016.02.??"]
[EventType "swiss"]
[EventRounds "9"]
[EventCountry "USA"]

1. e4 c6 2. Nc3 d5 3. Nf3 Bg4 4. h3 Bh5 5. exd5 cxd5 6. g4 Bg6 7. Bb5+ Nc6 8.
Ne5 Rc8 9. d4 e6 10. h4 f6 11. Nxg6 hxg6 12. Qd3 Kf7 13. Bxc6 bxc6 14. Be3 c5
15. h5 gxh5 16. gxh5 cxd4 17. Qg6+ Ke7 18. Bxd4 Qe8 19. O-O-O Qxg6 20. hxg6
Rxh1 21. Rxh1 e5 22. Bxa7 Ke6 23. a4 Ne7 24. a5 Nc6 25. Bb6 Bb4 26. Rh7 Nxa5
27. Rxg7 Bxc3 28. bxc3 Nc4 29. Ba7 Nd6 30. Bb6 Ne4 31. Ra7 Nxc3 32. g7 Rg8 33.
Kd2 d4 34. f4 Nd5 35. Ra6 Nxb6 36. Rxb6+ Kf5 37. fxe5 fxe5 38. Rb7 Kg6 39. c3
dxc3+ 40. Kxc3 Rxg7 41. Rxg7+ Kxg7 1/2-1/2

[Event "7th Southwest Class Ch."]
[Site "Dallas"]
[Date "2016.02.13"]
[Round "5.4"]
[White "Baryshpolets, Andrey"]
[Black "Langer, Michael"]
[Result "1/2-1/2"]
[WhiteElo "2548"]
[BlackElo "2198"]
[PlyCount "86"]
[EventDate "2016.02.??"]
[EventType "swiss"]
[EventRounds "9"]
[EventCountry "USA"]

1. d4 Nf6 2. c4 c5 3. d5 b5 4. cxb5 a6 5. bxa6 g6 6. Nc3 Bg7 7. e4 O-O 8. Nf3
Qa5 9. Bd2 Bxa6 10. Bxa6 Qxa6 11. Qe2 d6 12. h3 Nfd7 13. Bg5 Re8 14. Qxa6 Nxa6
15. Kd2 c4 16. Be3 Nac5 17. Bd4 Nd3 18. Rab1 N7c5 19. Bxg7 Kxg7 20. Ke3 Reb8
21. b3 cxb3 22. axb3 Nb4 23. Nd4 e5 24. Nc6 Rb7 25. Rb2 Ra3 26. Rhb1 Rb6 27.
Nxb4 Rxb4 28. f3 f5 29. Ra2 Raxb3 30. Rxb3 Rxb3 31. Kd2 fxe4 32. Nxe4 Nxe4+ 33.
fxe4 Rg3 34. Ke1 Re3+ 35. Re2 Rc3 36. Kf2 Kf6 37. Re3 Rxe3 38. Kxe3 Kg5 39. g3
h5 40. Kf3 h4 41. g4 Kf6 42. Ke3 Kg5 43. Kf3 Kf6 1/2-1/2

[Event "7th Southwest Class Ch."]
[Site "Dallas"]
[Date "2016.02.13"]
[Round "5.6"]
[White "Indjic, Aleksandar"]
[Black "Panchanathan, Vignesh"]
[Result "0-1"]
[WhiteElo "2562"]
[BlackElo "2339"]
[PlyCount "106"]
[EventDate "2016.02.??"]
[EventType "swiss"]
[EventRounds "9"]
[EventCountry "USA"]

1. d4 Nf6 2. Bg5 d5 3. e3 e6 4. c3 Nbd7 5. Bd3 Be7 6. f4 b6 7. Nd2 Bb7 8. Qf3
c5 9. Nh3 Qc7 10. Nf2 O-O-O 11. a4 h6 12. Bxf6 gxf6 13. a5 Kb8 14. axb6 Qxb6
15. Ra2 e5 16. O-O cxd4 17. exd4 exd4 18. cxd4 Bb4 19. Nb3 Rhe8 20. Bf5 Ba6 21.
Nd3 Bc4 22. Ra4 Bd6 23. Na5 Bb5 24. Rfa1 Bxa4 25. Rxa4 Qb5 26. h4 Nb6 27. Ra1
Nc4 28. b4 Nxa5 29. Rxa5 Qc4 30. Rxd5 Bxb4 31. Bd7 Re3 32. Qxe3 Qxd5 33. Nxb4
Qxd7 34. d5 Ka8 35. Nc6 Rc8 36. Qc5 Qc7 37. Kh1 Qb6 38. Qe7 Qf2 39. Qxf7 Qe1+
40. Kh2 Qxh4+ 41. Kg1 Qe1+ 42. Kh2 Qe3 43. f5 Re8 44. Qc7 Qf2 45. Ne7 Qh4+ 46.
Kg1 Qe1+ 47. Kh2 Qxe7 48. Qc6+ Kb8 49. d6 Qe5+ 50. g3 Qe2+ 51. Kh3 Qf1+ 52. Kh4
Rc8 53. d7 Qc4+ 0-1

[Event "7th Southwest Class Ch."]
[Site "Dallas"]
[Date "2016.02.13"]
[Round "5.7"]
[White "Gu, Christopher"]
[Black "Gurevich, Danie"]
[Result "0-1"]
[WhiteElo "2336"]
[BlackElo "2477"]
[PlyCount "124"]
[EventDate "2016.02.??"]
[EventType "swiss"]
[EventRounds "9"]
[EventCountry "USA"]

1. Nf3 Nf6 2. c4 c5 3. Nc3 Nc6 4. g3 d6 5. Bg2 g6 6. O-O Bg7 7. d4 cxd4 8. Nxd4
Bd7 9. Nxc6 Bxc6 10. e4 O-O 11. Be3 a6 12. Rc1 Qa5 13. Qd2 Rfc8 14. b3 Rab8 15.
Nd5 Qxd2 16. Bxd2 Kf8 17. Bg5 Nxd5 18. exd5 Bd7 19. Rfe1 Bf6 20. Bxf6 exf6 21.
b4 b6 22. Bf1 Ra8 23. Re3 Rc7 24. Ra3 Ke7 25. f4 Bf5 26. Rcc3 Kd7 27. Kf2 a5
28. bxa5 bxa5 29. Rcb3 Kc8 30. Rb6 Kd7 31. Rb5 Rca7 32. Rab3 Rc7 33. Rb6 a4 34.
R3b5 a3 35. Rb4 h5 36. Be2 Bg4 37. Bf1 Bf5 38. Be2 Bg4 39. Bf1 Bf5 40. Bg2 Bd3
41. Rc6 Re8 42. Bf3 f5 43. Rbb6 Kc8 44. Ra6 Ree7 45. Ra8+ Kb7 46. Rxa3 Bxc4 47.
Ra4 Bd3 48. Rb4+ Kc8 49. a4 Be4 50. Rbc4 Rxc6 51. Rxc6+ Rc7 52. Bxe4 fxe4 53.
Rxd6 Ra7 54. Rc6+ Kd7 55. Rc4 f5 56. Ke3 Kd6 57. Kd4 Ra5 58. Rc6+ Kd7 59. Rxg6
Rxa4+ 60. Ke5 e3 61. Kxf5 Re4 62. Rg7+ Re7 0-1

[Event "7th Southwest Class Ch."]
[Site "Dallas"]
[Date "2016.02.13"]
[Round "5.8"]
[White "Niemann, Hans"]
[Black "Kiewra, Keaton"]
[Result "1/2-1/2"]
[WhiteElo "2320"]
[BlackElo "2477"]
[PlyCount "119"]
[EventDate "2016.02.??"]
[EventType "swiss"]
[EventRounds "9"]
[EventCountry "USA"]

1. d4 Nf6 2. c4 g6 3. Nc3 Bg7 4. e4 d6 5. Nf3 O-O 6. Be2 Na6 7. O-O e5 8. Be3
Ng4 9. Bg5 Qe8 10. dxe5 dxe5 11. h3 f6 12. Bd2 Nh6 13. c5 Nxc5 14. Qc1 Nf7 15.
Nd5 Ne6 16. Nxc7 Nxc7 17. Qxc7 Nd8 18. Bc4+ Be6 19. Rac1 Rf7 20. Bxe6 Qxe6 21.
Qc4 Bf8 22. Be3 Qxc4 23. Rxc4 Rd7 24. Rcc1 Nc6 25. Rfd1 Rad8 26. Rxd7 Rxd7 27.
g4 Kf7 28. a3 Ke6 29. Kf1 Be7 30. Ke2 f5 31. gxf5+ gxf5 32. exf5+ Kxf5 33. Rc4
Bd8 34. b4 Be7 35. Nd2 a5 36. bxa5 Nxa5 37. Ra4 Nc6 38. Nf3 e4 39. Nd2 b5 40.
Ra6 Nd4+ 41. Bxd4 Rxd4 42. Nf1 Ra4 43. Ne3+ Ke5 44. Rb6 Rxa3 45. Rxb5+ Kf6 46.
Nd5+ Ke6 47. Nxe7 Kxe7 48. Rb7+ Kf6 49. Rxh7 Kf5 50. Rh5+ Kf4 51. Rh8 Rb3 52.
Rf8+ Ke5 53. h4 Rh3 54. Rh8 Kf4 55. h5 Kg5 56. h6 Kg6 57. Ra8 Kf5 58. Rh8 Kg6
59. Kd2 Rd3+ 60. Ke2 1/2-1/2

[Event "7th Southwest Class Ch."]
[Site "Dallas"]
[Date "2016.02.13"]
[Round "5.9"]
[White "Mulyar, Michael"]
[Black "Peng, David"]
[Result "0-1"]
[WhiteElo "2408"]
[BlackElo "2256"]
[PlyCount "86"]
[EventDate "2016.02.??"]
[EventType "swiss"]
[EventRounds "9"]
[EventCountry "USA"]

1. d4 Nf6 2. Nf3 e6 3. c4 d5 4. g3 Be7 5. Bg2 O-O 6. O-O c6 7. Qc2 b6 8. b3 Bb7
9. Nc3 Na6 10. Bb2 Nb4 11. Qb1 dxc4 12. bxc4 c5 13. a3 Nc6 14. Ne5 cxd4 15.
Bxc6 dxc3 16. Bxb7 cxb2 17. Qxb2 Rb8 18. Bf3 Qc7 19. Nc6 Rbc8 20. a4 Bc5 21. a5
Rfe8 22. axb6 Bxb6 23. Qb5 Nd7 24. Rfe1 Nc5 25. Reb1 f5 26. e3 Kh8 27. Ra3 e5
28. Bd5 f4 29. Rba1 fxe3 30. Rxe3 e4 31. Kg2 Rf8 32. Rf1 Rce8 33. Nb4 Qe5 34.
Na6 Qd4 35. Nxc5 Bxc5 36. Qb3 Qd2 37. Rxe4 Rxf2+ 38. Rxf2 Qxf2+ 39. Kh3 Qf1+
40. Kg4 h5+ 41. Kh4 Qf6+ 42. Kh3 Qf5+ 43. g4 hxg4+ 0-1

[Event "7th Southwest Class Ch."]
[Site "Dallas"]
[Date "2016.02.13"]
[Round "5.10"]
[White "Sheng, Joshua"]
[Black "Furfine, Jacob"]
[Result "0-1"]
[WhiteElo "2402"]
[BlackElo "2400"]
[PlyCount "72"]
[EventDate "2016.02.??"]
[EventType "swiss"]
[EventRounds "9"]
[EventCountry "USA"]

1. e4 e5 2. Nf3 Nc6 3. Bc4 Bc5 4. O-O Nf6 5. d3 d6 6. c3 O-O 7. Be3 Bb6 8. Re1
Qe7 9. Nbd2 Bxe3 10. fxe3 Be6 11. Bb3 h6 12. d4 Bg4 13. Bc2 Rae8 14. h3 Bc8 15.
Nf1 g6 16. Ng3 Nh7 17. Rf1 Ng5 18. Kh2 Nd8 19. d5 Bd7 20. c4 b6 21. b4 Nb7 22.
Ba4 a5 23. a3 Ra8 24. Bxd7 Qxd7 25. Nd2 Ra7 26. Qc2 Rfa8 27. Qc3 h5 28. Nh1
axb4 29. axb4 Ra2 30. Nf2 Kg7 31. Nb3 R8a3 32. Rxa2 Rxa2 33. c5 bxc5 34. bxc5
Qb5 35. Kg1 Rxf2 36. Rxf2 Nxe4 0-1

[Event "7th Southwest Class Ch."]
[Site "Dallas"]
[Date "2016.02.13"]
[Round "5.11"]
[White "Nguyen, Emily"]
[Black "Vazquez, Guillermo"]
[Result "1/2-1/2"]
[WhiteElo "1915"]
[BlackElo "2400"]
[PlyCount "51"]
[EventDate "2016.02.??"]
[EventType "swiss"]
[EventRounds "9"]
[EventCountry "USA"]

1. d4 e6 2. c4 Nf6 3. Nc3 Bb4 4. Qc2 O-O 5. e3 d6 6. Bd3 c5 7. Nf3 b6 8. O-O
Bb7 9. Ne4 Nxe4 10. Bxe4 Bxe4 11. Qxe4 Na6 12. a3 Ba5 13. Rd1 d5 14. Qd3 Nc7
15. b3 dxc4 16. Qxc4 Rc8 17. Bb2 Qf6 18. Ne5 Qg5 19. Qa4 Nd5 20. Rac1 Qh5 21.
Nf3 Qg4 22. h3 Qe4 23. Ng5 Qg6 24. Nf3 Qe4 25. Ng5 Qg6 26. Nf3 1/2-1/2

[Event "7th Southwest Class Ch."]
[Site "Dallas"]
[Date "2016.02.13"]
[Round "5.12"]
[White "Bykovstev, Agata"]
[Black "Ruiz, Joshua"]
[Result "0-1"]
[WhiteElo "2176"]
[BlackElo "2371"]
[PlyCount "114"]
[EventDate "2016.02.??"]
[EventType "swiss"]
[EventRounds "9"]
[EventCountry "USA"]

1. e4 e6 2. d4 d5 3. Nc3 Bb4 4. e5 b6 5. Bd2 Qd7 6. a3 Bf8 7. f4 Ne7 8. Nf3 h5
9. Bd3 Ba6 10. Bxa6 Nxa6 11. O-O c5 12. Be3 Nf5 13. Bf2 Be7 14. Qd2 Rc8 15.
Rad1 Qc6 16. Ne2 g6 17. c3 Qa4 18. Rc1 c4 19. Ng3 Ng7 20. Ng5 Nb8 21. h3 h4 22.
Ne2 Nf5 23. Qe1 Nc6 24. Kh2 Rh5 25. Ng1 Bxg5 26. fxg5 Ke7 27. Be3 Qb3 28. Qd2
Nxe3 29. Qxe3 Qxb2 30. Qf4 Rf8 31. Nf3 Ke8 32. Nxh4 Qxa3 33. Ra1 Qe7 34. Nf3
Qb7 35. g4 Rh7 36. h4 Qe7 37. Kg3 Kd8 38. Rh1 Rfh8 39. Qf6 a5 40. Rh2 Kc7 41.
Rb2 Qd7 42. h5 Rg8 43. Rh2 Rhg7 44. Rah1 b5 45. hxg6 fxg6 46. Rh8 b4 47. cxb4
axb4 48. Rxg8 Rxg8 49. Rh6 Qe8 50. Nh4 c3 51. Qf1 Kb6 52. Qd3 Ne7 53. Nf3 Qb5
54. Qb1 b3 55. Rh1 c2 56. Qb2 Nc6 57. Ra1 Rf8 {Black wins} 0-1

[Event "7th Southwest Class Ch."]
[Site "Dallas"]
[Date "2016.02.13"]
[Round "5.13"]
[White "Brown, Michael"]
[Black "Wang, Annie"]
[Result "1-0"]
[WhiteElo "2424"]
[BlackElo "2138"]
[PlyCount "75"]
[EventDate "2016.02.??"]
[EventType "swiss"]
[EventRounds "9"]
[EventCountry "USA"]

1. d4 Nf6 2. c4 e6 3. Nc3 Bb4 4. Qc2 O-O 5. a3 Bxc3+ 6. Qxc3 b6 7. Bg5 Bb7 8.
e3 h6 9. Bh4 d6 10. Ne2 Nbd7 11. Qc2 Qe7 12. Rd1 c5 13. Nc3 Rac8 14. d5 e5 15.
Bd3 Rcd8 16. g4 g5 17. Bg3 Kg7 18. h4 Rh8 19. f3 Rdg8 20. Kd2 Kf8 21. Kc1 a6
22. Rh2 Kg7 23. Bf5 Rb8 24. a4 Rbg8 25. Kb1 Qe8 26. Rdh1 Nf8 27. f4 gxf4 28.
exf4 Ng6 29. Re1 Qb8 30. Bxg6 fxg6 31. fxe5 Nxg4 32. h5 gxh5 33. exd6 Re8 34.
Rhe2 Rxe2 35. Rxe2 Rf8 36. Re7+ Rf7 37. Rxf7+ Kxf7 38. Qh7+ 1-0

[Event "7th Southwest Class Ch."]
[Site "Dallas"]
[Date "2016.02.13"]
[Round "5.14"]
[White "Sawyer, Bradley"]
[Black "Akshita, Gorti"]
[Result "1-0"]
[WhiteElo "2124"]
[BlackElo "2242"]
[PlyCount "83"]
[EventDate "2016.02.??"]
[EventType "swiss"]
[EventRounds "9"]
[EventCountry "USA"]

1. c4 e5 2. g3 Nc6 3. Bg2 f5 4. Nc3 Nf6 5. e3 d5 6. cxd5 Nb4 7. d3 Nbxd5 8.
Nge2 c6 9. O-O Be6 10. a3 a5 11. Qc2 Nxc3 12. bxc3 Bd6 13. c4 O-O 14. h3 Qe7
15. f4 Rfe8 16. Bb2 Bc8 17. Rfe1 Qf7 18. fxe5 Bxe5 19. Bxe5 Rxe5 20. Nd4 Qe8
21. Qf2 Bd7 22. Rab1 Rb8 23. Nc2 Re7 24. Nd4 b5 25. Qf4 Rd8 26. c5 Ra8 27. Kh2
Re5 28. Nb3 Nd5 29. Bxd5+ Rxd5 30. d4 Qh5 31. Nd2 g5 32. Qf3 Qh6 33. Rxb5 g4
34. Qg2 gxh3 35. Qf3 Rxd4 36. exd4 Qxd2+ 37. Re2 Qxd4 38. Rb7 Rf8 39. Re7 Be8
40. Rg7+ Qxg7 41. Rxg7+ Kxg7 42. Qc3+ 1-0

[Event "7th Southwest Class Ch."]
[Site "Dallas"]
[Date "2016.02.13"]
[Round "5.15"]
[White "Wang, Justin"]
[Black "Prilleltensky, Matan"]
[Result "1/2-1/2"]
[WhiteElo "2118"]
[BlackElo "2232"]
[PlyCount "70"]
[EventDate "2016.02.??"]
[EventType "swiss"]
[EventRounds "9"]
[EventCountry "USA"]

1. e4 c5 2. c3 Nf6 3. e5 Nd5 4. Nf3 e6 5. d4 cxd4 6. Bc4 d6 7. cxd4 Nc6 8. O-O
Nb6 9. Bb5 Bd7 10. Nc3 dxe5 11. dxe5 Nb4 12. Bg5 Be7 13. Bxd7+ Qxd7 14. Qe2 O-O
15. Rfd1 N4d5 16. Ne4 Rfd8 17. Be3 Rac8 18. Bd4 Qc6 19. g3 Qc4 20. Qxc4 Rxc4
21. Rac1 Rdc8 22. Rxc4 Rxc4 23. Nc3 Nxc3 24. Bxc3 Nd5 25. Bd4 a6 26. Kf1 Kf8
27. Ke2 Ke8 28. a3 Kd7 29. Kd3 Rc8 30. Nd2 h6 31. Ne4 b5 32. Nc3 Nxc3 33. Bxc3
Bc5 34. Ke2+ Ke8 35. Rd3 g6 1/2-1/2

[Event "7th Southwest Class Ch."]
[Site "Dallas"]
[Date "2016.02.13"]
[Round "5.16"]
[White "Yu, Jennifer"]
[Black "Andrenko, Iryna"]
[Result "0-1"]
[WhiteElo "2102"]
[BlackElo "2217"]
[PlyCount "112"]
[EventDate "2016.02.??"]
[EventType "swiss"]
[EventRounds "9"]
[EventCountry "USA"]

1. c4 Nf6 2. Nc3 g6 3. g3 Bg7 4. Bg2 c6 5. e4 d6 6. Nf3 Qa5 7. O-O Qh5 8. d4
O-O 9. Nh4 Qxd1 10. Rxd1 e5 11. f4 exd4 12. Rxd4 Nd5 13. Rd3 Nxc3 14. bxc3 Be6
15. Bb2 Bxc4 16. Rxd6 Re8 17. Bf1 Bxf1 18. Kxf1 Na6 19. e5 Nc5 20. Rad1 Na4 21.
Ba1 Nb6 22. Kf2 Bf8 23. R6d3 Bc5+ 24. Kg2 Nc4 25. Kh3 Be7 26. Rd7 Rab8 27. Nf3
Red8 28. R1d4 Rxd7 29. Rxd7 Kf8 30. Rd4 b5 31. Rd7 a6 32. Rc7 c5 33. e6 fxe6
34. Rc6 Rb6 35. Rc8+ Kf7 36. Rc7 Rd6 37. Ra7 h6 38. Ne5+ Nxe5 39. fxe5 Rd1 40.
Bb2 Rb1 41. Ba3 b4 42. cxb4 cxb4 43. Bxb4 Rxb4 44. Rxa6 Rb5 45. Ra4 Rxe5 46.
Rf4+ Ke8 47. Ra4 Re3 48. Ra8+ Kf7 49. a4 Ra3 50. a5 h5 51. a6 e5 52. Kg2 e4 53.
Kg1 Bc5+ 54. Kg2 Ra2+ 55. Kf1 e3 56. Rb8 Rxa6 0-1